Những năm tháng không quên Hồi Ký
Spremljeno u:
| Glavni autor: | |
|---|---|
| Format: | Knjiga |
| Jezik: | English Vietnamese |
| Izdano: |
Tp. Hồ Chí Minh
Trẻ
2001
|
| Teme: | |
| Oznake: |
Dodaj oznaku
Bez oznaka, Budi prvi tko označuje ovaj zapis!
|
| Thư viện lưu trữ: | Trung tâm Học liệu Lê Vũ Hùng, Trường Đại học Đồng Tháp |
|---|
| LEADER | 00733pam a22002418a 4500 | ||
|---|---|---|---|
| 001 | 00041594 | ||
| 008 | 170505s1996 ||||||engsd | ||
| 005 | 20180615090605.0 | ||
| 020 | # | # | |c 12000 |
| 041 | 0 | # | |a vie |
| 082 | 0 | 4 | |a 895.922 803 |b NH556N |
| 100 | 1 | # | |a Nguyễn, Văn Hồng |
| 245 | 1 | 0 | |a Những năm tháng không quên |c Nguyễn Văn Hồng |b Hồi Ký |
| 260 | # | # | |b Trẻ |c 2001 |a Tp. Hồ Chí Minh |
| 300 | # | # | |a 120 tr. |c 21 cm. |
| 653 | # | # | |a Hồi Ký |
| 653 | # | # | |a Thế kỷ 20 |
| 653 | # | # | |a Tướng |
| 653 | # | # | |a Việt Nam |
| 653 | # | # | |a Văn học |
| 852 | # | # | |j KD.0023810 |
| 910 | |d 15/06/2018 | ||
| 980 | # | # | |a Trung tâm Học liệu Lê Vũ Hùng, Trường Đại học Đồng Tháp |